Équipe de Croatie de Football - Tous les joueurs (2000-..) - Statistiques

Statistiques générales
  • Ce quiz a été pris 430 fois
    52 depuis la dernière actualisation
  • Le résultat moyen est 30 sur 203
Statistiques - réponses
Première sélection Dernière sélection Joueur Nb de sélections % Correct
2006 Luka Modric 192
100%
2011 Ivan Perisic 148
90%
2007 2020 Ivan Rakitic 106
88%
2007 2018 Mario Mandzukic 89
86%
1996 2008 Niko Kovac 83
71%
1999 2009 Robert Kovac 84
71%
2021 Josko Gvardiol 44
69%
2013 Mateo Kovacic 111
69%
2009 2018 Danijel Subasic 44
67%
1992 2002 Davor Suker 69
64%
2009 2022 Dejan Lovren 78
62%
2014 2024 Marcelo Brozovic 99
62%
2010 2024 Domagoj Vida 105
57%
2017 Dominik Livakovic 69
57%
2018 Duje Caleta-Car 36
57%
2014 Andrej Kramaric 110
52%
2011 2022 Sime Vrsaljko 52
50%
2002 2016 Darijo Srna 134
45%
2006 2018 Vedran Corluka 103
45%
2013 2021 Ante Rebic 42
43%
2002 2015 Ivica Olic 104
43%
2021 Borna Sosa 27
38%
2009 2010 Hrvoje Cale 5
38%
2021 Josip Stanisic 25
38%
2017 Lovro Majer 37
36%
2019 Bruno Petkovic 42
33%
2023 Marco Pasalic 10
33%
2014 Mario Pasalic 78
33%
2019 Mislav Orsic 27
33%
2017 Nikola Vlasic 58
33%
2020 Ante Budimir 35
31%
2014 2022 Lovre Kalinic 19
31%
2023 Martin Baturina 15
31%
2008 2018 Nikola Kalinic 42
31%
2017 Josip Juranovic 40
29%
2021 Luka Sucic 18
29%
2014 Marko Pjaca 28
29%
2024 Petar Sucic 12
29%
1999 2014 Stipe Pletikosa 114
29%
2010 2018 Ivan Strinic 49
26%
2022 Josip Sutalo 28
26%
2004 2014 Eduardo da Silva 64
24%
2020 Marin Pongracic 15
24%
2020 Domagoj Bradaric 5
21%
2016 2018 Filip Bradaric 6
21%
2017 2017 Fran Tudor 3
21%
1997 2006 Igor Tudor 55
21%
2013 2019 Alen Halilovic 10
19%
2017 Borna Barisic 35
19%
2025 Franjo Ivanovic 8
19%
2018 Josip Brekalo 35
19%
2010 2021 Milan Badelj 55
19%
2004 2013 Niko Kranjcar 81
19%
2006 2011 Vedran Runje 22
19%
2004 2015 Danijel Pranjic 58
17%
1996 2008 Dario Simic 100
17%
1999 2000 Josip Simic 7
17%
2014 2020 Tin Jedvaj 26
17%
2003 2006 Dado Prso 32
14%
2009 2009 Ivan Juric 5
14%
2021 Ivica Ivusic 6
14%
2001 2013 Josip Simunic 105
14%
2021 Kristijan Jakic 14
14%
2017 Luka Ivanusec 22
14%
2025 Luka Vuskovic 1
14%
2018 2023 Marko Livaja 21
14%
2016 2017 Ante Coric 4
12%
2004 2011 Ivan Klasnic 41
12%
2021 2021 Ivo Grbic 2
12%
2002 2004 Marijo Maric 8
12%
2014 Marko Rog 21
12%
2022 Martin Erlic 11
12%
2017 2017 Mirko Maric 2
12%
2001 2013 Mladen Petric 45
12%
2009 2014 Nikica Jelavic 36
12%
2022 Nikola Moro 6
12%
2023 Petar Musa 6
12%
1997 2002 Silvio Maric 19
12%
2002 2003 Tomislav Maric 9
12%
2024 Igor Matanovic 5
10%
1995 2003 Mario Stanic 49
10%
2009 2010 Mate Bilic 6
10%
2025 Toni Fruk 4
10%
1996 2001 Zeljko Pavlovic 7
10%
2000 2007 Bosko Balaban 35
7%
1990 2000 Drazen Ladic 59
7%
2014 2018 Duje Cop 13
7%
1999 2006 Ivan Leko 13
7%
2002 2009 Jerko Leko 59
7%
2013 2018 Josip Pivaric 26
7%
1999 2007 Jurica Vranjes 26
7%
2002 2008 Marko Babic 49
7%
1990 2002 Robert Jarni 81
7%
1994 2002 Robert Prosinecki 49
7%
2019 2022 Simon Sluga 3
7%
1998 2006 Stjepan Tomas 49
7%
1990 2000 Aljosa Asanovic 62
5%
2009 2015 Anas Sharbini 3
5%
1998 2006 Anthony Seric 16
5%
2020 2021 Antonio Colak 3
5%
2013 2013 Arijan Ademi 3
5%
2006 2009 Dario Knezevic 13
5%
1996 2006 Davor Vugrinec 28
5%
2014 2017 Domagoj Antolic 6
5%
2024 Dominik Kotarski 3
5%
2020 2020 Filip Uremovic 6
5%
2009 2016 Gordon Schildenfeld 29
5%
1999 2001 Igor Biscan 15
5%
1992 2001 Igor Cvitanovic 27
5%
2000 2006 Ivan Bosnjak 14
5%
2017 2018 Ivan Santini 4
5%
2025 Ivan Smolcic 1
5%
2014 2014 Ivan Tomecak 1
5%
2014 2016 Ivan Vargic 3
5%
2004 2006 Joey Didulica 4
5%
1998 2001 Jurica Vucko 4
5%
2021 2021 Kristijan Lovric 1
5%
1997 2000 Krunoslav Jurcic 21
5%
2006 2013 Leon Benko 4
5%
2010 2010 Luka Vucko 5
5%
2014 2019 Marin Leovac 5
5%
2014 2018 Matej Mitrovic 12
5%
2014 2015 Mato Jajalo 2
5%
2001 2006 Mato Neretljak 10
5%
1994 2007 Milan Rapaic 49
5%
2017 Mile Skoric 7
5%
2024 Nediljko Labrovic 2
5%
2008 2010 Nikola Pokrivac 15
5%
2007 2014 Ognjen Vukojevic 55
5%
2012 2014 Sammir 7
5%
2020 2020 Toma Basic 2
5%
2001 2006 Tomislav Butina 28
5%
2017 2017 Zoran Nizic 2
5%
1994 2002 Zvonimir Soldo 61
5%
1993 2002 Alen Boksic 40
2%
2018 2018 Antonio Milic 3
2%
1999 2007 Boris Zivkovic 39
2%
1997 2002 Daniel Saric 30
2%
2019 2024 Dario Melnjak 8
2%
2007 2007 Dino Drpic 1
2%
2019 2019 Dino Peric 2
2%
2009 2010 Drago Gabric 5
2%
2019 2019 Filip Benkovic 1
2%
2013 2019 Franko Andrijasevic 3
2%
2002 2006 Goran Sablic 5
2%
1992 2002 Goran Vlaovic 52
2%
2013 2014 Hrvoje Milic 6
2%
2007 2009 Hrvoje Vejic 5
2%
2013 2014 Igor Bubnjic 2
2%
1990 2002 Igor Stimac 53
2%
2008 2010 Ivica Krizanac 11
2%
1994 2004 Ivica Mornar 22
2%
2010 2013 Ivo Ilicevic 8
2%
2017 2017 Jakov Filipovic 3
2%
2017 2017 Josip Misic 2
2%
2010 2010 Jurica Buljat 2
2%
2018 2019 Karlo Bartolec 5
2%
2006 2006 Marijan Buljat 2
2%
2003 2003 Mario Carevic 1
2%
1998 2006 Mario Tokic 28
2%
2014 2017 Marko Leskovic 4
2%
2014 2014 Mate Males 1
2%
2006 2009 Mladen Bartulovic 2
2%
2001 2004 Nenad Bjelica 9
2%
2004 2006 Nikola Safaric 3
2%
1999 2004 Nino Bule 3
2%
2005 2005 Sasa Bjelanovic 1
2%
2002 2003 Srdan Andric 2
2%
2009 2012 Tomislav Dujmovic 19
2%
2001 2003 Veldin Karic 3
2%
2017 2017 Andrej Prskalo 1
0%
2012 2012 Ante Vukusic 1
0%
2013 2013 Antonijo Jezina 1
0%
2017 2017 Antonio Perosevic 2
0%
2001 2003 Danijel Hrman 4
0%
2013 2013 Dario Kresic 1
0%
2003 2003 Dario Smoje 1
0%
2017 2017 Denis Kolinger 1
0%
2023 Dion Drena Beljo 2
0%
2017 2017 Filip Ozobic 2
0%
2002 2002 Filip Tapalovic 3
0%
2002 2004 Giovanni Rosso 19
0%
2015 2015 Goran Milovic 1
0%
2007 2008 Igor Budan 6
0%
2015 2015 Ivan Mocinic 1
0%
2003 2003 Ivan Rezik 1
0%
2017 2017 Ivan Sunjic 1
0%
2004 2004 Ivica Banovic 2
0%
1999 2004 Jasmin Agic 14
0%
2013 2013 Marin Tomasov 1
0%
1999 2007 Mario Galinovic 2
0%
2012 2012 Mario Maloca 1
0%
2017 2017 Mario Situm 2
0%
2017 2017 Mateo Barac 1
0%
2017 2017 Mato Milos 1
0%
1994 2003 Miljenko Mumlek 8
0%
2017 2017 Nikola Katic 1
0%
2017 2017 Nikola Matas 2
0%
2001 2003 Silvester Sabolcki 2
0%
2003 2004 Tomo Sokota 8
0%
2017 2017 Toni Datkovic 1
0%
1998 2004 Vladimir Vasilj 2
0%
2001 2002 Vlatko Dolonga 3
0%
Aucun quiz correspondant
Distribution des résultats
% des personnes avec chaque résultat
Percentile par nombre de réponses
Votre historique - résultats
Vous n’avez pas pris ce quiz depuis la dernière actualisation